Diseases: Contagious... or Not? - Statistics

General Stats
  • This quiz has been taken 1,727 times
    214 since last reset
  • The average score is 26 of 30
Answer Stats
Question Answer % Correct
Diabetes Not contagious
100%
Chicken pox Contagious
99%
Asthma Not contagious
99%
Tourette syndrome Not contagious
99%
Epilepsy Not contagious
99%
Obesity Not contagious
99%
Alzheimer's disease Not contagious
99%
Common cold Contagious
98%
Ebola Contagious
98%
Influenza Contagious
98%
Measles Contagious
98%
Arthritis Not contagious
98%
Cancer Not contagious
98%
Cerebral palsy Not contagious
98%
Schizophrenia Not contagious
98%
HIV/AIDS Contagious
96%
Crohn's disease Not contagious
96%
Syphilis Contagious
95%
Scarlet fever Contagious
93%
Mumps Contagious
93%
Tuberculosis Contagious
93%
Typhoid fever Contagious
91%
Gout Not contagious
88%
Lupus Not contagious
85%
Polio Contagious
81%
Tetanus Not contagious
68%
Lyme disease Not contagious
64%
Mononucleosis Contagious
61%
Malaria Not contagious
33%
Yellow fever Not contagious
12%
No matching quizzes found
Score Distribution
Percent of People with Each Score
Percentile by Number Answered
Your Score History
You have not taken this quiz since the last reset